000 00426nam a2200169Ia 4500
003 GCL
008 140319s9999 xx 000 0 eng d
040 _aGCL /
_cGCL
082 0 4 _a843
_bJ E
100 1 _aJEAN-POUL, ROUX
245 1 0 _aLES EXPLORARTEURS AU MOYEN AGO /
_cJEAN-POUL, ROUX
260 _a[S.N] :
_bFAYARD ،
_c1985
300 _a351 P
650 0 4 _aLITERATURE
650 0 4 _aFRENCH LITERATURE
942 _2ddc
_cBK
999 _c23177
_d23177